| 000 | 00522nam a2200169 a 4500 | ||
|---|---|---|---|
| 005 | 20140412111332.0 | ||
| 008 | 030317s19uu xx 00 eng d | ||
| 020 | _a0-02-179037-X | ||
| 050 |
_aTR(PS E _bPa13 1989 |
||
| 100 | _aKamen, Gloria | ||
| 245 |
_a"Paddle", said the swan / _cwritten and illustrated by Gloria Kamen. |
||
| 260 |
_aNew York : _bMacmillan/McGraw-Hill School Pub. Comp, _c1989. |
||
| 300 | _a32 p. ; ill. | ||
| 650 | _aAnimals movements--Fiction | ||
| 650 | _aGoodnight--Fiction | ||
| 999 |
_c104950 _d104950 |
||